| 000 | 01984cam a22004094a 4500 | ||
|---|---|---|---|
| 001 | 16283513 | ||
| 003 | OSt | ||
| 005 | 20150408114014.0 | ||
| 008 | 100614s2011 paua 001 0 eng | ||
| 010 | _a 2010024700 | ||
| 016 | 7 |
_a101533150 _2DNLM |
|
| 020 | _a9780781772006 (pbk. : alk. paper) | ||
| 020 | _a0781772001 (pbk. : alk. paper) | ||
| 020 | _a9781451101508 (International ed.) | ||
| 020 | _a1451101503 (International ed.) | ||
| 035 | _a(OCoLC)ocn548651322 | ||
| 040 |
_aDNLM/DLC _cDLC _dYDX _dBTCTA _dNLM _dYDXCP _dSINPL _dDLC |
||
| 042 | _apcc | ||
| 050 | 0 | 0 |
_aQM551 _b.R67 2011 |
| 060 | 0 | 0 | _a2010 M-640 |
| 060 | 1 | 0 |
_aQS 517 _bR825h 2011 |
| 082 | 0 | 0 |
_a611.018 _222 |
| 100 | 1 |
_aRoss, Michael H. _910860 |
|
| 245 | 1 | 0 |
_aHistology : _ba text and atlas : with correlated cell and molecular biology / _cMichael H. Ross, Wojciech Pawlina. |
| 250 | _a6th ed. | ||
| 260 |
_aPhiladelphia : _bWolters Kluwer/Lippincott Williams & Wilkins Health, _cc2011. |
||
| 300 |
_axviii, 974 p. : _bill. (some col.) ; _c28 cm. |
||
| 500 | _aIncludes index. | ||
| 504 | _aIncludes bibliographical references and index. | ||
| 505 | 0 | _aMethods -- The cell cytoplasm -- The cell nucleus -- Tissues : concept and classification -- Epithelial tissue -- Connective tissue -- Cartilage -- Bone --Adipose tissue -- Blood -- Muscle tissue -- Nerve tissue -- Cardiovascular system -- Lymphatic system -- Integumentary system -- Digestive system I : oral cavity and associated structures -- Digestive system II : esophagus and gastrointestinal tract -- Digestive system III : liver, gallbladder, and pancreas -- Respiratory system -- Urinary system -- Endocrine organs -- Male reproductive system -- Female reproductive system -- Eye -- Ear. | |
| 650 | 0 | _aHistology. | |
| 650 | 0 |
_aHistology _vAtlases. _99358 |
|
| 650 | 1 | 2 |
_aHistology _vAtlases. _99358 |
| 700 | 1 |
_aPawlina, Wojciech. _910861 |
|
| 942 |
_2ddc _cBOOK |
||
| 999 |
_c21490 _d255990 |
||